High Court Miscellanous Application No. 267 of 2008 George William Semivule vs Barclays Bank of Uganda Limited (Record no. 5751)
[ view plain ]
| 000 -LEADER | |
|---|---|
| fixed length control field | 00345nam a22000977a 4500 |
| 008 - FIXED-LENGTH DATA ELEMENTS--GENERAL INFORMATION | |
| fixed length control field | 130912b xxu||||| |||| 00| 0 eng d |
| 010 ## - LIBRARY OF CONGRESS CONTROL NUMBER | |
| LC control number | HCMAF-108B |
| 245 ## - TITLE STATEMENT | |
| Title | High Court Miscellanous Application No. 267 of 2008 George William Semivule vs Barclays Bank of Uganda Limited |
| 260 ## - PUBLICATION, DISTRIBUTION, ETC. (IMPRINT) | |
| Place of publication, distribution, etc | High Court Kampala |
| Date of publication, distribution, etc | 2007 |
| 500 ## - GENERAL NOTE | |
| Materials specified | Justice Geoffrey Kiryabwire |
| Withdrawn status | Lost status | Source of classification or shelving scheme | Damaged status | Koha normalized classification for sorting | Not for loan | Koha collection | Location (home branch) | Sublocation or collection (holding branch) | Shelving location | Date acquired | Koha issues (times borrowed) | Koha full call number | Piece designation (barcode) | Koha date last seen | Price effective from | Koha item type | Public note |
|---|---|---|---|---|---|---|---|---|---|---|---|---|---|---|---|---|---|
| Dewey Decimal Classification | HCMA_F108B | Reference | Law Development Centre Main Library | Law Development Centre Main Library | Reference | 09/12/2013 | HCMA F-108B | 6792/2013 | 09/12/2013 | 09/12/2013 | Un Reported Cases | Judgement entered 2008 | |||||
| Dewey Decimal Classification | HCMA_F108B | Reference | Law Development Centre Main Library | Law Development Centre Main Library | Reference | 09/12/2013 | HCMA F-108B | 6793/2013 | 09/12/2013 | 09/12/2013 | Reference | Judgement entered 2008 |
